Monetary Policy Transmission Mechanisms in Pacific Island Countries /

During the global financial crisis, central banks in Pacific island countries eased monetary policy to stimulate economic activity. Judging by the ensuing movements in commercial bank interest rates and private sector credit, monetary policy transmission appears to be weak. This is confirmed by an e...

Descrición completa

Detalles Bibliográficos
Autor Principal: Dunn, Jonathan
Outros autores: Davies, Matt, Wu, Yiqun, Yang, Yongzheng
Formato: Revista
Idioma:English
Publicado: Washington, D.C. : International Monetary Fund, 2011.
Series:IMF Working Papers; Working Paper ; No. 2011/096
Acceso en liña:Full text available on IMF
LEADER 02112cas a2200277 a 4500
001 AALejournalIMF007155
008 230101c9999 xx r poo 0 0eng d
020 |c 5.00 USD 
020 |z 9781455254279 
022 |a 1018-5941 
040 |a BD-DhAAL  |c BD-DhAAL 
100 1 |a Dunn, Jonathan. 
245 1 0 |a Monetary Policy Transmission Mechanisms in Pacific Island Countries /  |c Jonathan Dunn, Matt Davies, Yongzheng Yang, Yiqun Wu. 
264 1 |a Washington, D.C. :  |b International Monetary Fund,  |c 2011. 
300 |a 1 online resource (24 pages) 
490 1 |a IMF Working Papers 
500 |a <strong>Off-Campus Access:</strong> No User ID or Password Required 
500 |a <strong>On-Campus Access:</strong> No User ID or Password Required 
506 |a Electronic access restricted to authorized BRAC University faculty, staff and students 
520 3 |a During the global financial crisis, central banks in Pacific island countries eased monetary policy to stimulate economic activity. Judging by the ensuing movements in commercial bank interest rates and private sector credit, monetary policy transmission appears to be weak. This is confirmed by an empirical examination of interest rate pass-through and credit growth. Weak credit demand and underdeveloped financial markets seem to have limited the effectiveness of monetary policy, but the inflexibility of exchange rates and rising real interest rates have also served to frustrate the central banks' efforts despite a supporting fiscal policy. While highlighting the importance of developing domestic financial markets in the long run, this experience also points to the need to coordinate macroeconomic policies and to use all macroeconomic tools available in conducting countercyclical policies, including exchange rate flexibility. 
538 |a Mode of access: Internet 
700 1 |a Davies, Matt. 
700 1 |a Wu, Yiqun. 
700 1 |a Yang, Yongzheng. 
830 0 |a IMF Working Papers; Working Paper ;  |v No. 2011/096 
856 4 0 |z Full text available on IMF  |u http://elibrary.imf.org/view/journals/001/2011/096/001.2011.issue-096-en.xml  |z IMF e-Library